Estudio de factibilidad para control de erosión eólica en el predio de la usina termoeléctrica Comandante Luis Piedra Buena /
Guardado en:
| Autor Principal: | |
|---|---|
| Formato: | Libro |
| Idioma: | Spanish |
| Publicado: |
Bahía Blanca,
1991.
|
| Etiquetas: |
Agregar Etiqueta
Sin Etiquetas, Sea el primero en etiquetar este registro!
|
| LEADER | 00529nam a22001455a 4500 | ||
|---|---|---|---|
| 001 | EEA.libagro005186 | ||
| 005 | 20181001122013.0 | ||
| 008 | 130809s1991####ag#a##########000#0#spa#d | ||
| 082 | 0 | 4 | |a 551.3 |
| 082 | 0 | 4 | |a 551.372 |
| 100 | 1 | |a Silenzi, Juan Carlos. | |
| 245 | 1 | 0 | |a Estudio de factibilidad para control de erosión eólica en el predio de la usina termoeléctrica Comandante Luis Piedra Buena / |c Juan C. Silenzi. |
| 260 | |a Bahía Blanca, |c 1991. | ||
| 300 | |a 80 h. : |b il. ; |c 28 cm. | ||
| 859 | |a AR-BbBCA |b BIB. AGRONOMIA |h 551.3 |i S113-1 |p 1995/2457 | ||
